Normal view
MARC view
- MATERIALS MANGEMENT.MATERIALS HANDLING
Entry Topical Term
001 - CONTROL NUMBER
- control field: 73660
003 - CONTROL NUMBER IDENTIFIER
- control field: NUST
005 - DATE AND TIME OF LATEST TRANSACTION
- control field: 20210628205044.0
008 - FIXED-LENGTH DATA ELEMENTS
- fixed length control field: 210628|| aca||aabn | a|a d
040 ## - CATALOGING SOURCE
- Original cataloging agency: NUST
- Transcribing agency: NUST
150 ## - HEADING--TOPICAL TERM
- Topical term or geographic name entry element: MATERIALS MANGEMENT.MATERIALS HANDLING
670 ## - SOURCE DATA FOUND
- Source citation: Work cat.: (NUST): Datta, A.K 45500, Materials mangement;procedures, text and cases, 2001
